000 nam a22 7a 4500
999 _c54150
_d54150
005 20200706104208.0
008 200706b xxu||||| |||| 00| 0 eng d
040 _aANE
041 _aEs
100 _aFerrer Muñoz, Manuel
245 _aEl nacionalismo irlandés: orígenes y desarrollo histórico
300 _a22 p.
650 _aNacionalismo Irlandés
856 _uhttp://documentacion.asambleanacional.gob.ec/alfresco/d/d/workspace/SpacesStore/53edf023-59a9-4e15-b547-255aafd1adda/Dialnet-ElNacionalismoIrlandes-5073043.pdf
942 _2ddc
_cBV
_zmbc